Statistics for New Zealand Provincial Rugby Map Quiz

Click here to take the quiz!

General Stats

  • This quiz has been taken 831 times
  • The average score is 17 of 26

Answers on the Map

Answers color-coded by a green-red scale on the quiz's map according to % correct below.
Loading ...
 

Answer Stats

Answer% Correct
Auckland
97%
Wellington
93%
Canterbury
89%
Northland
88%
Otago
88%
Waikato
86%
Southland
85%
Bay of Plenty
84%
Taranaki
82%
Hawke's Bay
82%
Tasman
78%
Counties-Manukau
71%
North Harbour
70%
Manawatu
68%
West Coast
66%
South Canterbury
55%
North Otago
51%
Wanganui
50%
East Coast
50%
Buller
47%
King-Country
47%
Mid-Canterbury
46%
Poverty Bay
45%
Thames Valley
42%
Wairarapa-Bush
41%
Horowhenua-Kapiti
38%

Score Distribution

Percentile by Number Answered

Percent of People with Each Score

Your Score History

You have not taken this quiz